01469cam a2200337 a 45000010009000000050017000090080041000260100017000670150019000840160018001030200031001210200028001520350024001800400073002040420027002770500027003040820012003311000024003432450044003672600081004113000032004925040064005245200331005886480020009196500043009396500029009826500033010116500038010446500031010826500018011131657785820170105102855.0101213s2009 enka b 001 0 eng d a 2010485389 aGBA9763552bnb7 a0153413022Uk a9780230551534 (alk. paper) a023055153X (alk. paper) a(OCoLC)ocn226357034 aUKMcUKMdBTCTAdBAKERdYDXCPdBWKUKdBWKdCFTdW2UdGEBAYdEUMdDLC aukblcatcopyalccopycat00aBF698.35.C45bP68 200904a4222221 aPotts, John,d1959-12aA history of charisma /cby John Potts. aHoundmills, Basingstoke, Hampshire ;aNew York :bPalgrave Macmillan,c2009. ax, 265 p. :bill. ;c23 cm. aIncludes bibliographical references (p. 249-258) and index.8 aThis text traces the history of the word 'charisma', and the various meanings assigned to it, from its first century origins in Christian theology to its manifestations in 21st century politics and culture, while considering how much of the word's original religious meaning persists in the contemporary secular understanding. 7aGeschichte2swd 0aCharisma (Personality trait)xHistory. 0aPentecostalismxHistory. 0aEnglish languagexEtymology. 0aEnglish languagexWord formation. 0aEnglish languagexHistory.07aCharisma2swd